Polyuretánové netkané textílie určené pre medicínske aplikácie

Saved in:
Bibliographic Details
Main Author: Fašková, Zuzana (Author)
Other Authors: Černáková, Ľudmila (Thesis advisor)
Format: Manuscript Book
Language:Slovak
Published: 2015
Subjects:
Online Access:http://is.stuba.sk/zp/portal_zp.pl?podrobnosti=101719
Tags: Add Tag
No Tags, Be the first to tag this record!

MARC

LEADER 00000ntm a22000003a 4500
001 stuzp51989
003 SK-STU
005 20160719154027.9
007 ta
008 150427s2015----xo-----f-mn---000-0-slo-d
040 |a STU  |b slo 
041 0 |a slo 
100 1 |a Fašková, Zuzana  |u 049370  |4 aut  |U FCHPT Ústav prírodných a syntetických polymérov  |T FCHPT Oddelenie plastov a kaučuku  |X 61168  |U C9370  |Y 128  |7 61168 
242 0 1 |a Polyurethane nonwovens fabrics designed for medical applications  |y eng 
245 1 0 |a Polyuretánové netkané textílie určené pre medicínske aplikácie 
260 |c 2015 
650 4 |a netkané textílie  |2 slo 
650 4 |a polyuretán  |2 slo 
650 4 |a berberín  |2 slo 
650 4 |a non- wovens  |2 eng 
650 4 |a polyurethane  |2 eng 
650 4 |a berberine  |2 eng 
700 1 |a Černáková, Ľudmila  |4 ths  |X 4689  |7 A000004689 
856 4 |u http://is.stuba.sk/zp/portal_zp.pl?podrobnosti=101719 
SQL |a stuzp51989  |b DBP  |c SLO  |d Polyuretánové netkané textílie určené pre medicínske aplikácie  |e 61168  |f Fašková, Zuzana  |g 049370  |h 4689  |i Černáková, Ľudmila  |j 20150713  |k 753  |l 04  |m http://is.stuba.sk/zp/portal_zp.pl?podrobnosti=101719  |n B-CHEMAT  |o 4.1.14. chémia, 5.2.18. chemické technológie